<?xml version='1.0' encoding='UTF-8'?><?xml-stylesheet href='static/style.xsl' type='text/xsl'?><OAI-PMH xmlns="http://www.openarchives.org/OAI/2.0/" xmlns:xsi="http://www.w3.org/2001/XMLSchema-instance" xsi:schemaLocation="http://www.openarchives.org/OAI/2.0/ http://www.openarchives.org/OAI/2.0/OAI-PMH.xsd"><responseDate>2026-04-30T15:02:06Z</responseDate><request verb="GetRecord" identifier="oai:ebiltegia.mondragon.edu:20.500.11984/1910" metadataPrefix="marc">https://ebiltegia.mondragon.edu/oai/request</request><GetRecord><record><header><identifier>oai:ebiltegia.mondragon.edu:20.500.11984/1910</identifier><datestamp>2024-03-04T10:55:08Z</datestamp><setSpec>com_20.500.11984_473</setSpec><setSpec>col_20.500.11984_476</setSpec></header><metadata><record xmlns="http://www.loc.gov/MARC21/slim" xmlns:dcterms="http://purl.org/dc/terms/" xmlns:xsi="http://www.w3.org/2001/XMLSchema-instance" xmlns:doc="http://www.lyncode.com/xoai" xsi:schemaLocation="http://www.loc.gov/MARC21/slim http://www.loc.gov/standards/marcxml/schema/MARC21slim.xsd">
   <leader>00925njm 22002777a 4500</leader>
   <datafield ind2=" " ind1=" " tag="042">
      <subfield code="a">dc</subfield>
   </datafield>
   <datafield ind2=" " ind1=" " tag="720">
      <subfield code="a">Barandiaran, Alexander</subfield>
      <subfield code="e">author</subfield>
   </datafield>
   <datafield ind2=" " ind1=" " tag="260">
      <subfield code="c">2018</subfield>
   </datafield>
   <datafield ind2=" " ind1=" " tag="520">
      <subfield code="a">Introducción: en las consultas de Pediatría de Atención Primaria, una de las principales reivindicaciones&#xd;
de las madres es la necesidad de sentirse comprendidas en el afrontamiento de su nuevo rol. Objetivo:&#xd;
el presente estudio trata de conocer las vivencias que un grupo de mujeres relatan sobre la maternidad&#xd;
para identificar los aspectos que tener en cuenta en la promoción de la salud infantil.&#xd;
Material y métodos: estudio cualitativo con enfoque fenomenológico. Siete madres configuran la&#xd;
muestra. Los grupos de discusión fueron grabados y transcritos para realizar el análisis de contenido.&#xd;
Este se llevó a cabo de forma colaborativa siguiendo los cánones de la codificación abierta hasta la saturación teórica.&#xd;
Resultados: las vivencias más relevantes se organizan en tres categorías. En cuanto a la relación con sus&#xd;
hijos, subrayan que dicha relación les reporta “felicidad”, aunque señalan el “trabajo” como un obstáculo importante para ello. En referencia a ellas mismas se describen en “alarma constante”, “preocupadas”, con “miedo” frente a la crianza, y con la necesidad de tener “tiempo para ellas”. Respecto al apoyo&#xd;
social, aseguran que, aunque sus parejas se “implican”, suelen “sentirse mal” por comentarios de sus&#xd;
madres, y “presionadas” por los pediatras.&#xd;
Conclusiones: la formación, si otorga importancia a la comunicación, puede hacer emerger en las consultas de Pediatría de Atención Primaria, relaciones que facilitan la reflexión de las madres sobre&#xd;
la crianza, y que no culpabilizan para asegurar así la adhesión a las recomendaciones pediátricas y la&#xd;
promoción de la salud infantil.</subfield>
   </datafield>
   <datafield ind2=" " ind1=" " tag="520">
      <subfield code="a">Introduction: one of the main demands of mothers in paediatric primary care is to feel understood as&#xd;
they take on this new role. Objective: the study aims at exploring the experiences of motherhood described by a group of women to identify the aspects that need considering for the purpose of child&#xd;
health promotion.&#xd;
Materials and methods: we conducted a qualitative study with a phenomenological approach. The&#xd;
sample consisted of seven mothers. The discussion groups were recorded and their contents transcribed for subsequent analysis. The latter was performed collaboratively following the methodology&#xd;
of open coding until theoretical saturation was achieved.&#xd;
Results: the most relevant experiences could be fitted into three categories. When it came to their relationship with their children, mothers highlighted that it gave them “happiness,” although they&#xd;
pointed out “work” as a significant barrier to it. When it came to themselves, they reported feeling&#xd;
“constant alarm,” “worried” and “fearful” in regard to childrearing and needing “time for themselves”.&#xd;
As for social support, they stated that while their partners were “involved,” they tended to “feel bad” in&#xd;
response to comments made by their own mothers and also “pressured” by paediatricians.&#xd;
Conclusions: emphasising communication skills during training could aid the development of doctorpatient rapport in paediatric primary care so that mothers can reflect on childrearing and not feel&#xd;
blamed, thus promoting adherence to paediatric recommendations and consequently child health.</subfield>
   </datafield>
   <datafield ind1="8" ind2=" " tag="024">
      <subfield code="a">1139-7632</subfield>
   </datafield>
   <datafield ind1="8" ind2=" " tag="024">
      <subfield code="a">https://katalogoa.mondragon.edu/janium-bin/janium_login_opac.pl?find&amp;ficha_no=149011</subfield>
   </datafield>
   <datafield ind1="8" ind2=" " tag="024">
      <subfield code="a">https://hdl.handle.net/20.500.11984/1910</subfield>
   </datafield>
   <datafield tag="653" ind2=" " ind1=" ">
      <subfield code="a">Atención Primaria</subfield>
   </datafield>
   <datafield tag="653" ind2=" " ind1=" ">
      <subfield code="a">Responsabilidad parental</subfield>
   </datafield>
   <datafield tag="653" ind2=" " ind1=" ">
      <subfield code="a">Salud del niño</subfield>
   </datafield>
   <datafield tag="653" ind2=" " ind1=" ">
      <subfield code="a">Child health</subfield>
   </datafield>
   <datafield tag="653" ind2=" " ind1=" ">
      <subfield code="a">Parenting</subfield>
   </datafield>
   <datafield tag="653" ind2=" " ind1=" ">
      <subfield code="a">Primary Health Care</subfield>
   </datafield>
   <datafield ind2="0" ind1="0" tag="245">
      <subfield code="a">Vivencias sobre la maternidad: aspectos que tener en cuenta en la promoción de la salud infantil</subfield>
   </datafield>
   <datafield ind2="0" ind1="0" tag="245">
      <subfield code="a">Experiences relating to motherhood: aspects to consider for the promotion of child health</subfield>
   </datafield>
</record></metadata></record></GetRecord></OAI-PMH>